| 000 | 01398nam a2200241Ia 4500 | ||
|---|---|---|---|
| 003 | Ost | ||
| 005 | 20260507075247.0 | ||
| 008 | 260507s9999||||xx |||||||||||||| ||und|| | ||
| 020 | _a5582499579 | ||
| 040 | _cfsecg | ||
| 041 | _aara | ||
| 082 | _a330 | ||
| 100 |
_aعليان، ربحي مصطفى _eمؤلف |
||
| 245 | 0 |
_aخدمات المعلومات / _c ربحي مصطفى عليان |
|
| 260 |
_aعمان: _bدار صفاء, _c2010 |
||
| 300 |
_a527 صفحة؛ _bإيضاحات ؛ _c24 سم |
||
| 504 | _aمراجع ص.515 | ||
| 520 | _aمفاهيم أساسية في خدمات المعلومات ، خدمات الاعارة لمصادر المعلومات ، الخدمات المرجعية ، الببليوغرافيا و الخدمات البيبليوغرافية ، خدمات التكشيف و خدمات الاستخلاص ، خدمات الدوريات ، خدمات الاحاطة الجارية ، خدمة البث الانتقائي للمعلومات ، خدمات البحث في قواعد و نظم و شبكات المعلومات ، خدمة تدريب المستفيدين و خدمة ثقافة المعلومات ، خدمات معلومات أخرى ، تقييم خدمات المعلومات . | ||
| 653 | _aالبث الانتقائي للمعلومات | ||
| 653 | _aالمعلومات | ||
| 653 | _aخدمات المعلومات | ||
| 942 | _cكتاب | ||
| 999 |
_c43664 _d43664 |
||